000 00419nam a2200181Ia 4500
001 14622
005 20260306164927.0
008 260306t2008||||xx |||||||||||||| ||spa||
041 _aESP
082 _a515.35
_bO52 2008
100 _aO'Neil, Peter V.
_eAUT
245 0 _aMatemáticas avanzadas para ingeniería
260 _c2008
300 _a
_c
650 _aGEN
654 _aCMA
942 _cLIB
_dJUS
_fJUS
_2ddc
_n
999 _c14622
_d14622